000 00317nam a22001457a 4500
003 SGT
020 _a97815-43344-71-4
082 _a646.7
_bMEH
100 _aMEHETRE, GAUTAM
245 _aCOSMETIC SCIENCE
260 _aINDIA
_bS. VIKASH
_c2021
300 _a374
650 _aCOSMETIC SCIENCE
942 _2ddc
_cBK
999 _c32495
_d32495